[Event "Pan American-ch Hybrid U14 31st"]
[Site "Tornelo INT"]
[Date "2021.09.04"]
[Round "3"]
[White "Gillette, James"]
[Black "Rios Correa, Carlos Misael"]
[Result "0-1"]
[WhiteElo "1039"]
[BlackElo "1367"]
[PlyCount "122"]
[EventDate "2021.09.04"]
[EventType "swiss"]
[EventRounds "9"]
[EventCountry "NET"]
[SourceTitle "EXT 2023"]
[Source "ChessBase"]
[SourceDate "2022.10.05"]
[SourceVersion "1"]
[SourceVersionDate "2022.10.05"]
[SourceQuality "1"]

1. e4 c5 2. Nf3 e6 3. Nc3 a6 4. d4 cxd4 5. Nxd4 b5 6. a4 b4 7. Na2 Bb7 8. Bd3 Qc7 9. 0-0 Bc5 10. Be3 Nf6 11. c3 Qb6 12. cxb4 Bxd4 13. a5 Qd6 14. Bc2 Be5 15. Qf3 Bxh2+ 16. Kh1 Be5 17. Rad1 Qc7 18. Nc3 Bxc3 19. Bb6 Qe5 20. bxc3 Qh5+ 21. Qxh5 Nxh5 22. Kg1 Nc6 23. f4 Ne7 24. g4 Ng3 25. Rfe1 h5 26. Re3 h4 27. Kf2 d5 28. exd5 Nxd5 29. Ree1 Nxb6 30. axb6 Rd8 31. Ba4+ Ke7 32. f5 Rxd1 33. Bxd1 Ne4+ 34. Ke3 Nxc3 35. Bb3 Nd5+ 36. Kd4 Nxb6 37. fxe6 f6 38. Kc5 Nc8 39. Rd1 Rd8 40. Rc1 h3 41. b5 h2 42. bxa6 h1Q 43. Rxh1 Bxh1 44. Kb5 Rd6 45. Ka5 Rxe6 46. Bxe6 Kxe6 47. Kb5 f5 48. gxf5+ Kxf5 49. Kc5 g5 50. Kd4 Kf4 51. Kd3 Kf3 52. Kd4 g4 53. Kd3 g3 54. Kd4 g2 55. Kd5 g1Q 56. Kc6 Qb6+ 57. Kd7 Qxa6 58. Kc7 Kf4 59. Kd7 Qd6+ 60. Kxc8 Qe7 61. Kb8 Qb7# 0-1

[Event "Pan American-ch Hybrid U14 31st"]
[Site "Tornelo INT"]
[Date "2021.09.04"]
[Round "8"]
[White "Mahabir, Yuri Harvard"]
[Black "Rios Correa, Carlos Misael"]
[Result "0-1"]
[WhiteElo "1107"]
[BlackElo "1367"]
[PlyCount "84"]
[EventDate "2021.09.04"]
[EventType "swiss"]
[EventRounds "9"]
[EventCountry "NET"]
[SourceTitle "EXT 2023"]
[Source "ChessBase"]
[SourceDate "2022.10.05"]
[SourceVersion "1"]
[SourceVersionDate "2022.10.05"]
[SourceQuality "1"]

1. d4 d5 2. Nf3 c6 3. c4 Nf6 4. Nc3 dxc4 5. Bg5 Qb6 6. Qc2 h6 7. Bh4 Bg4 8. Ne5 Qxd4 9. Bxf6 exf6 10. Nxg4 Qxg4 11. Qe4+ Qxe4 12. Nxe4 Bb4+ 13. Nc3 Nd7 14. e3 b5 15. Rc1 Nb6 16. Be2 Na4 17. Rc2 Nxb2 18. 0-0 Bxc3 19. Rxc3 Na4 20. Rc2 0-0-0 21. Bg4+ Kc7 22. Be2 Rd6 23. f4 Rhd8 24. f5 Rd2 25. Rxd2 Rxd2 26. Bh5 c3 27. Bxf7 Nc5 28. Bb3 Nxb3 29. axb3 c2 30. Rc1 Rd1+ 31. Rxd1 cxd1Q+ 32. Kf2 Qxb3 33. Kf3 Qd5+ 34. e4 Qd3+ 35. Kf4 b4 36. g3 b3 37. h4 b2 38. h5 b1Q 39. e5 Qc1+ 40. Kg4 Qe2+ 41. Kh4 Qcc4+ 42. g4 Qcxg4# 0-1

[Event "Pan American-ch Hybrid U14 31st"]
[Site "Tornelo INT"]
[Date "2021.09.04"]
[Round "2"]
[White "Rios Correa, Carlos Misael"]
[Black "Colodro Pacajes, Santos Mateo"]
[Result "1-0"]
[WhiteElo "1367"]
[BlackElo "1182"]
[PlyCount "91"]
[EventDate "2021.09.04"]
[EventType "swiss"]
[EventRounds "9"]
[EventCountry "NET"]
[SourceTitle "EXT 2023"]
[Source "ChessBase"]
[SourceDate "2022.10.05"]
[SourceVersion "1"]
[SourceVersionDate "2022.10.05"]
[SourceQuality "1"]

1. d4 d5 2. Bf4 c6 3. e3 Nf6 4. Nf3 Nbd7 5. c3 e6 6. Nbd2 b6 7. Bd3 c5 8. 0-0 c4 9. Bc2 Ba6 10. Ne5 Nxe5 11. Bxe5 Bd6 12. f4 h5 13. Bb1 Ke7 14. f5 Bc8 15. h3 Bd7 16. Qf3 Rh6 17. Qf4 Bb8 18. fxe6 Bxe6 19. Qxh6 gxh6 20. Bxf6+ Ke8 21. Bxd8 Kxd8 22. Bf5 Ke7 23. Bxe6 fxe6 24. Rf3 Bd6 25. Raf1 Rg8 26. Rf7+ Ke8 27. Rxa7 Bg3 28. Ra8+ Ke7 29. Rxg8 h4 30. Rxg3 hxg3 31. Rf3 Kd6 32. Rxg3 e5 33. Rg6+ Kc7 34. Rxh6 exd4 35. exd4 b5 36. Re6 Kd7 37. Re5 Kd6 38. h4 b4 39. h5 Kc6 40. h6 Kb5 41. h7 bxc3 42. bxc3 Kc6 43. h8Q Kd7 44. Qf6 Kc7 45. Re7+ Kc8 46. Qf8# 1-0

[Event "Pan American-ch Hybrid U14 31st"]
[Site "Tornelo INT"]
[Date "2021.09.04"]
[Round "6"]
[White "Rios Correa, Carlos Misael"]
[Black "Terence, Melvin"]
[Result "0-1"]
[WhiteElo "1367"]
[BlackElo "1082"]
[PlyCount "116"]
[EventDate "2021.09.04"]
[EventType "swiss"]
[EventRounds "9"]
[EventCountry "NET"]
[SourceTitle "EXT 2023"]
[Source "ChessBase"]
[SourceDate "2022.10.05"]
[SourceVersion "1"]
[SourceVersionDate "2022.10.05"]
[SourceQuality "1"]

1. d4 d5 2. Bf4 Nf6 3. e3 e6 4. Nf3 Bd6 5. Bg3 0-0 6. c3 c6 7. Bd3 Qc7 8. Ne5 Nbd7 9. f4 b6 10. Nd2 c5 11. Rc1 c4 12. Bc2 Bb7 13. Qf3 h6 14. Bh4 b5 15. g4 Nh7 16. Rg1 Bxe5 17. fxe5 f6 18. Qh3 Ng5 19. Bxg5 fxg5 20. Bg6 Rfd8 21. Nf3 Nf8 22. b4 Nxg6 23. Qh5 Nh8 24. Rg3 Qf7 25. Qh3 Qg6 26. Nd2 a5 27. a3 axb4 28. axb4 Ra2 29. Qg2 Rda8 30. Rf3 Ra1 31. Rxa1 Rxa1+ 32. Kf2 Ra2 33. Kg3 Qd3 34. Rf2 Rxd2 35. Rxd2 Qxe3+ 36. Qf3 Qg1+ 37. Rg2 Qa1 38. Rf2 Qa8 39. h4 gxh4+ 40. Kxh4 Qd8+ 41. Kg3 Qe7 42. Ra2 Bc6 43. Ra5 Ng6 44. Ra1 Kh7 45. Rh1 Qb7 46. Qe3 Qc7 47. g5 Ne7 48. Kg4 Nf5 49. Qh3 Kg8 50. Qh5 Qe7 51. g6 Be8 52. Rg1 Qa7 53. Kf4 Qa3 54. Qh3 Qa6 55. Rg2 Ne7 56. Qh5 Qa1 57. Qh3 Qf1+ 58. Ke3 Qd3+ 0-1